000 00707nmm a2200205Ia 4500
008 251105s9999||||xx |||||||||||||||||und||
020 _a9789879468388
041 _aspa
100 _aFeijoó, José Luís
245 0 _aLa gestión aplicada a hotelería y turismo :
_b Con herramientas de estrategia, marketing, RR.HH. y negociación
264 _a[Buenos Aires, Argentina] :
_bUgerman Editor,
_c2015
300 _a252 páginas
490 _aColección temática empresarial
700 _aFeijoó, José Luís
700 1 _a Bollini, Luís María
700 1 _a Fernández Belda, Jorge
700 1 _a Irigaray, Karlos
856 _uhttps://public.digitaliapublishing.com/a/137118
942 _cCF
999 _c65281
_d65281